[Event "Kings Indian Attack Thematic"]
[Site "SchemingMind.com"]
[Date "2006.01.14"]
[Round "-"]
[White "Erhaem"]
[Black "Shaka"]
[Result "1-0"]
[WhiteCountry "NED"]
[BlackCountry "VEN"]
[WhiteElo "2032"]
[WhiteRD "51"]
[BlackElo "1869"]
[BlackRD "101"]
[GameID "35704"]

1. Nf3 d5 2. g3 c5 3. Bg2 Nf6 4. O-O Nc6 5. d4 e6 6. c4 cxd4 7. Nxd4 a6 8. cxd5 Nxd4 9. Qxd4 Nxd5 10. Nc3 Qf6
11. Qa4+ Bd7 12. Qb3 Bc6 13. Nxd5 Bxd5 14. Bxd5 exd5 15. Qxb7 Rd8 16. Bf4 Be7 17. Rac1 O-O 18. Rc6 Bd6 19. Qxa6
1-0

[Event "Kings Indian Attack Thematic"]
[Site "SchemingMind.com"]
[Date "2006.01.11"]
[Round "-"]
[White "Erhaem"]
[Black "ilardi"]
[Result "1-0"]
[WhiteCountry "NED"]
[BlackCountry "USA"]
[WhiteElo "2032"]
[WhiteRD "51"]
[BlackElo "1280"]
[BlackRD "149"]
[GameID "35705"]

1. Nf3 d5 2. g3 c5 3. Bg2 Nc6 4. d4 c4 5. O-O Nf6 6. Ne5 Qb6 7. Nc3 e6 8. Nxc6 Qxc6 9. Bg5 Be7 10. e4 Qd6
11. e5 Qb6 12. exf6 Bxf6 13. Bxf6 gxf6 14. b3 h5 15. Re1 Ke7 16. Nxd5+ Kd6 17. Nxb6 axb6 18. d5 e5 19. Qf3 h4 20. Qxf6+ Be6
21. dxe6 Rae8 22. Red1+ Kc7 23. Qxf7+ Kb8 24. Qxb7#
1-0

[Event "Kings Indian Attack Thematic"]
[Site "SchemingMind.com"]
[Date "2006.01.10"]
[Round "-"]
[White "Erhaem"]
[Black "Mekk"]
[Result "0-1"]
[WhiteCountry "NED"]
[BlackCountry "POL"]
[WhiteElo "1976"]
[WhiteRD "62"]
[BlackElo "1818"]
[BlackRD "120"]
[GameID "35706"]

1. Nf3 d5 2. g3 Nf6 3. Bg2 Nc6 4. d4 Bf5 5. O-O e6 6. c4 Be7 7. Nc3 dxc4 8. Ne5 Nxe5 9. dxe5 Nd7 10. Bxb7 O-O
11. Bxa8 Qxa8 12. Qxd7 Bh3 13. e4 Bb4 14. Re1 Rd8 15. Qxc7 Rd4 16. Be3 Rxe4 17. Nxe4 Qxe4 18. Qd8+ Bf8 19. Bc5 Qg2#
0-1

[Event "Kings Indian Attack Thematic"]
[Site "SchemingMind.com"]
[Date "2006.01.09"]
[Round "-"]
[White "jlchaile"]
[Black "Erhaem"]
[Result "0-1"]
[WhiteCountry "ARG"]
[BlackCountry "NED"]
[WhiteElo "1423"]
[WhiteRD "80"]
[BlackElo "2018"]
[BlackRD "52"]
[GameID "35707"]

1. Nf3 d5 2. g3 Nf6 3. d4 Bf5 4. Bg2 e6 5. O-O Nbd7 6. Re1 Bb4 7. Bd2 Bxd2 8. Nbxd2 O-O 9. c4 c5 10. dxc5 Nxc5
11. cxd5 exd5 12. Nd4 Bg4 13. N2b3 Rc8 14. Nxc5 Rxc5 15. Qb3 Qc7 16. Qd3 Rc8 17. Nf5 Qe5 18. Ne3 Be6
0-1

[Event "Kings Indian Attack Thematic"]
[Site "SchemingMind.com"]
[Date "2006.01.09"]
[Round "-"]
[White "sdshuey"]
[Black "Erhaem"]
[Result "0-1"]
[WhiteCountry "USA"]
[BlackCountry "NED"]
[WhiteElo "1436"]
[WhiteRD "76"]
[BlackElo "1988"]
[BlackRD "55"]
[GameID "35708"]

1. Nf3 d5 2. g3 Nf6 3. Bg2 c6 4. d4 Bf5 5. Ne5 e6 6. Bg5 Qb6 7. e3 Qxb2 8. Nd2 Bxc2 9. Qc1 Ba3 10. O-O h6
11. Qxb2 Bxb2 12. Rae1 hxg5 13. Ndf3 g4 14. Ng5 Ba3 15. Ngxf7 O-O 16. Ng5 Bd6 17. Nxe6 Re8 18. Nf4 Bxe5 19. dxe5 Rxe5 20. Re2 Be4
21. Bxe4 Nxe4 22. Rb1 b6 23. Rb4 Kf7 24. Nd3 Rf5 25. Rc2 c5 26. Rb1 Nc6 27. Rd1 g5 28. a3 c4 29. Nb4 Nxb4 30. Rb2 Nd3
31. Ra2 Rxf2
0-1

[Event "Kings Indian Attack Thematic"]
[Site "SchemingMind.com"]
[Date "2006.01.09"]
[Round "-"]
[White "Louis Lima"]
[Black "Erhaem"]
[Result "0-1"]
[WhiteCountry "ESP"]
[BlackCountry "NED"]
[WhiteElo "1717"]
[WhiteRD "56"]
[BlackElo "1976"]
[BlackRD "62"]
[GameID "35709"]

1. Nf3 d5 2. g3 Nf6 3. Bg2 c6 4. O-O Bf5 5. d3 e6 6. Nbd2 h6 7. Re1 Be7 8. e4 dxe4 9. dxe4 Nxe4 10. Nxe4 Qxd1
11. Rxd1 Bxe4 12. c3 O-O 13. Rd4 Bd5 14. c4 c5 15. Rg4 h5
0-1

[Event "Kings Indian Attack Thematic"]
[Site "SchemingMind.com"]
[Date "2006.01.09"]
[Round "-"]
[White "Julio Fuentes"]
[Black "Erhaem"]
[Result "1/2-1/2"]
[WhiteCountry "CHI"]
[BlackCountry "NED"]
[WhiteElo "1782"]
[WhiteRD "82"]
[BlackElo "2013"]
[BlackRD "58"]
[GameID "35710"]

1. Nf3 d5 2. g3 Nf6 3. Bg2 c6 4. d4 Bf5 5. Nh4 Qd7 6. h3 e6 7. Nxf5 exf5 8. Bf4 Bd6 9. Bxd6 Qxd6 10. O-O O-O
11. e3 Nbd7 12. Nd2 b5 13. Nf3 Ne4 14. Ne1 Nb6 15. Nd3 Qg6 16. Nf4 Qg5 17. a3 Rfe8 18. Qh5 h6 19. Qxg5 hxg5 20. Nd3 a5
21. Rfe1 Kf8 22. h4 gxh4 23. gxh4 Re6 24. h5 Rh6 25. Bf3 Ke7 26. Kg2 Rah8 27. Rh1 Nc4 28. b3 Ncd2 29. Bxe4 fxe4 30. Ne5 Rf6
31. Rh3 Kd6 32. Rd1 Nf3 33. Nxf3 Rxf3 34. Rxf3 exf3+ 35. Kxf3 Rxh5 36. c3 Rh3+ 37. Kg4 Rh2 38. Kg3 Rh8 39. Ra1 f6 40. a4 Ra8
41. Kf4 Ke6 42. Ra3 Ra7 43. Kg4 g6 44. Ra2 Ra8 45. Ra1 Ra7 46. Ra3 Kd6 47. Kf4=
1/2-1/2

[Event "Kings Indian Attack Thematic"]
[Site "SchemingMind.com"]
[Date "2006.01.09"]
[Round "-"]
[White "CHED"]
[Black "Erhaem"]
[Result "0-1"]
[WhiteCountry "USA"]
[BlackCountry "NED"]
[WhiteElo "1688"]
[WhiteRD "75"]
[BlackElo "1988"]
[BlackRD "55"]
[GameID "35711"]

1. Nf3 d5 2. g3 Nf6 3. Bg2 c6 4. O-O Bf5 5. d3 e6 6. Nbd2 h6 7. c4 Be7 8. b3 O-O 9. Bb2 Nbd7 10. a3 a5
11. Nd4 Bg6 12. Rc1 e5 13. N4f3 d4 14. Re1 Bc5 15. Nh4 Qe7 16. Nxg6 fxg6 17. Ra1 Qf7 18. Nf3 b5 19. Rf1 Rab8 20. Nd2 Rb6
21. cxb5 cxb5 22. Ne4 Nxe4 23. Bxe4 Rf6 24. f3 Be7 25. Rc1 Nc5 26. Kg2 Nxb3 27. Rc7 Nc5 28. Qc2 Nxe4 29. dxe4 b4 30. Qd3 g5
31. Ra7 g4 32. Rxa5 Qa2 33. Rb1 gxf3+ 34. exf3 bxa3 35. Rxa3 Bxa3
0-1

[Event "Kings Indian Attack Thematic"]
[Site "SchemingMind.com"]
[Date "2006.01.09"]
[Round "-"]
[White "Shaka"]
[Black "Erhaem"]
[Result "0-1"]
[WhiteCountry "VEN"]
[BlackCountry "NED"]
[WhiteElo "1869"]
[WhiteRD "101"]
[BlackElo "2032"]
[BlackRD "51"]
[GameID "35712"]

1. Nf3 d5 2. g3 Nf6 3. d4 Bf5 4. Bg2 e6 5. O-O Nbd7 6. c4 c6 7. Nc3 dxc4 8. e4 Nxe4 9. Ne1 Nxc3 10. bxc3 Bd6
11. a4 a5 12. Ba3 Bxa3 13. Rxa3 O-O 14. Qc1 e5 15. Qb2 exd4 16. Qxb7 d3 17. Nf3 Be4 18. Nd2 Nc5 19. Qb1 Bxg2 20. Kxg2 Qd5+
21. Kg1 Rfe8 22. Re1 Re2 23. Rxe2 dxe2 24. Ra1 Qxd2
0-1

[Event "Kings Indian Attack Thematic"]
[Site "SchemingMind.com"]
[Date "2006.01.09"]
[Round "-"]
[White "ilardi"]
[Black "Erhaem"]
[Result "0-1"]
[WhiteCountry "USA"]
[BlackCountry "NED"]
[WhiteElo "1280"]
[WhiteRD "149"]
[BlackElo "2032"]
[BlackRD "51"]
[GameID "35713"]

1. Nf3 d5 2. g3 Nf6 3. Bg2 c6 4. d4 Bf5 5. O-O e6 6. Bg5 Be7 7. Ne5 O-O 8. Nc3 Nbd7 9. f4 c5 10. g4 Nxe5
11. dxe5 Nxg4 12. Qd2 Bxg5 13. fxg5 c4 14. Bh3 Qb6+ 15. Kh1 d4 16. Na4 Qc6+ 17. Rf3 Nf2+ 18. Kg1 Nxh3+ 19. Kg2 b5 20. b3 bxa4
21. Qxd4 Nxg5 22. b4 Bxc2 23. Qe3 f6 24. Rf1 Nxf3 25. Qxf3 Be4 26. a3 Bxf3+ 27. Rxf3 fxe5 28. Kf2 Rxf3+
0-1

[Event "Kings Indian Attack Thematic"]
[Site "SchemingMind.com"]
[Date "2006.01.09"]
[Round "-"]
[White "Mekk"]
[Black "Erhaem"]
[Result "0-1"]
[WhiteCountry "POL"]
[BlackCountry "NED"]
[WhiteElo "1818"]
[WhiteRD "120"]
[BlackElo "1976"]
[BlackRD "62"]
[GameID "35714"]

1. Nf3 d5 2. g3 Nf6 3. Bg2 c6 4. d4 Bf5 5. O-O e6 6. Bg5 Be7 7. Nbd2 O-O 8. c4 h6 9. Bxf6 Bxf6 10. c5 b6
11. b4 a5 12. a3 Nd7 13. e3 axb4 14. axb4 Rxa1 15. Qxa1 bxc5 16. bxc5 Nxc5 17. Qc1 Nd3 18. Qxc6= Qb8 19. Ra1 Rc8 20. Qa6 Qc7
21. Bf1 Nb4 22. Qa5 Qd6 23. Qa3 Qf8 24. Qb3 Rc2 25. Ra4 Be7 26. Kg2 Bd6 27. Ra1 g5 28. h3 h5 29. Nb1 Be4 30. Nd2 Rxd2
0-1

[Event "Kings Indian Attack Thematic"]
[Site "SchemingMind.com"]
[Date "2006.01.12"]
[Round "-"]
[White "KaliYuga"]
[Black "jlchaile"]
[Result "1-0"]
[WhiteCountry "IRL"]
[BlackCountry "ARG"]
[WhiteElo "1899"]
[WhiteRD "65"]
[BlackElo "1423"]
[BlackRD "80"]
[GameID "35869"]

1. Nf3 d5 2. g3 c5 3. Bg2 e6 4. O-O Nf6 5. d3 Bd6 6. Nbd2 O-O 7. e4 dxe4 8. dxe4 Nc6 9. c3 e5 10. Re1 Bg4
11. Nc4 Bxf3 12. Bxf3 Be7 13. Bg5
1-0

[Event "Kings Indian Attack Thematic"]
[Site "SchemingMind.com"]
[Date "2006.01.11"]
[Round "-"]
[White "KaliYuga"]
[Black "Erhaem"]
[Result "0-1"]
[WhiteCountry "IRL"]
[BlackCountry "NED"]
[WhiteElo "1924"]
[WhiteRD "64"]
[BlackElo "2008"]
[BlackRD "55"]
[GameID "35870"]

1. Nf3 d5 2. g3 Nf6 3. Bg2 c6 4. d4 Bf5 5. O-O e6 6. Nbd2 Bd6 7. Re1 O-O 8. Nh4 Bg4 9. h3 Bh5 10. g4 Ne4
11. Ndf3 Bg6 12. Nxg6 fxg6 13. c4 Bb4 14. Rf1 Na6 15. a3 Bd6 16. c5 Bc7 17. Nd2 Nxd2 18. Qxd2 Bf4 19. e3 Bb8 20. e4 dxe4
21. Bxe4 Qc7 22. f4 Qe7 23. Qd3 Bc7 24. b4 Rad8 25. Bb2 Rxf4 26. Rxf4 Bxf4 27. Rf1 Rf8 28. Bxc6 bxc6 29. Qxa6 Qh4 30. Qd3 h5
31. gxh5 Rf5 32. Qb3 Rg5+ 33. Kh1 Kh8 34. Bc1 Rg3 35. Qxg3 Bxg3 36. Rf8+ Kh7 37. hxg6+ Kxg6
0-1

[Event "Kings Indian Attack Thematic"]
[Site "SchemingMind.com"]
[Date "2006.01.11"]
[Round "-"]
[White "KaliYuga"]
[Black "sdshuey"]
[Result "1-0"]
[WhiteCountry "IRL"]
[BlackCountry "USA"]
[WhiteElo "1935"]
[WhiteRD "68"]
[BlackElo "1436"]
[BlackRD "76"]
[GameID "35871"]

1. Nf3 d5 2. g3 c5 3. Bg2 e6 4. c4 Nf6 5. O-O Bd6 6. d3 Nc6 7. Bg5 h6 8. cxd5 exd5 9. Bxf6 gxf6 10. Nbd2 Bg4
11. h3 Bxf3 12. Nxf3 Nd4 13. Nxd4 cxd4 14. Qa4+ Qd7 15. Qxd4 O-O 16. Qxf6 Qe7 17. Qxh6 f5 18. Bxd5+ Rf7 19. Qg6+ Kf8 20. Bxf7 Qxf7
21. Qxd6+ Qe7 22. Qxe7+ Kxe7 23. Rac1 Ke6 24. Rc7 b6 25. Rfc1
1-0

[Event "Kings Indian Attack Thematic"]
[Site "SchemingMind.com"]
[Date "2006.01.14"]
[Round "-"]
[White "KaliYuga"]
[Black "Julio Fuentes"]
[Result "1-0"]
[WhiteCountry "IRL"]
[BlackCountry "CHI"]
[WhiteElo "1881"]
[WhiteRD "64"]
[BlackElo "1735"]
[BlackRD "81"]
[GameID "35873"]

1. Nf3 d5 2. g3 c5 3. d3 Nc6 4. Bg2 e5 5. c4 d4 6. e3 Bd6 7. O-O Nf6 8. Nbd2 O-O 9. Ng5 Ng4 10. Nde4 Be7
11. h3 Nh6 12. exd4 cxd4 13. Nf3 f5 14. Neg5 Re8 15. a3 a5 16. Re1 Bd7 17. Bd2 a4 18. b4 axb3 19. Qxb3 Qc7 20. c5+ Kh8
21. Qd5 Bf6 22. Ra2 Nd8 23. Bb4 Ne6 24. h4
1-0

[Event "Kings Indian Attack Thematic"]
[Site "SchemingMind.com"]
[Date "2006.01.11"]
[Round "-"]
[White "KaliYuga"]
[Black "CHED"]
[Result "1-0"]
[WhiteCountry "IRL"]
[BlackCountry "USA"]
[WhiteElo "1904"]
[WhiteRD "61"]
[BlackElo "1694"]
[BlackRD "71"]
[GameID "35874"]

1. Nf3 d5 2. g3 c5 3. Bg2 Nc6 4. O-O Nf6 5. d3 e5 6. c4 Be6 7. Nbd2 d4 8. e4 dxe3 9. fxe3 Be7 10. Qb3 Rb8
11. Ng5 Bf5 12. Rxf5
1-0

[Event "Kings Indian Attack Thematic"]
[Site "SchemingMind.com"]
[Date "2006.01.14"]
[Round "-"]
[White "KaliYuga"]
[Black "Shaka"]
[Result "0-1"]
[WhiteCountry "IRL"]
[BlackCountry "VEN"]
[WhiteElo "1881"]
[WhiteRD "64"]
[BlackElo "1908"]
[BlackRD "74"]
[GameID "35875"]

1. Nf3 d5 2. g3 Nf6 3. Bg2 c5 4. d3 Nc6 5. Nbd2 e5 6. e4 dxe4 7. dxe4 Bg4 8. O-O Be7 9. h3 Bxf3 10. Bxf3 Nd4
11. Bg2 O-O 12. c3 Ne6 13. Nc4 Qc7 14. Qc2 Rad8 15. Ne3 c4 16. Qa4 Rc8 17. Nd5 Nxd5 18. exd5 Nc5 19. Qxc4 Bd6 20. Be3 a6
21. Rad1 b5 22. Qh4 f5 23. Rfe1 e4 24. Bxc5 Qxc5 25. Rd2 Rf6 26. a3 Rcf8 27. Kh1 Rc8 28. Re3 a5 29. f3 Qxe3
0-1

[Event "Kings Indian Attack Thematic"]
[Site "SchemingMind.com"]
[Date "2006.01.11"]
[Round "-"]
[White "KaliYuga"]
[Black "ilardi"]
[Result "1-0"]
[WhiteCountry "IRL"]
[BlackCountry "USA"]
[WhiteElo "1904"]
[WhiteRD "61"]
[BlackElo "1280"]
[BlackRD "149"]
[GameID "35876"]

1. Nf3 d5 2. g3 c5 3. Bg2 Nc6 4. d3 Nf6 5. O-O e6 6. Nbd2 Bd6 7. e4 O-O 8. b4 Nxb4 9. e5 Bc7 10. exf6 Qxf6
11. Nb3 Bd7 12. Bg5 Qg6 13. Nxc5 Ba4 14. Nxa4 Rac8 15. Rb1 Bd6 16. Bf4 Bxf4 17. Rxb4 Bd6 18. Rxb7 a5 19. c3 h5 20. d4 f5
21. Ne5 Bxe5 22. dxe5 h4 23. Rb6 Qg4 24. Rxe6 Qc4 25. Bxd5 Qb5 26. Rh6+ Rf7 27. Rh8+ Kxh8 28. Qh5+ Kg8 29. Qxf7+ Kh7 30. Qh5#
1-0

[Event "Kings Indian Attack Thematic"]
[Site "SchemingMind.com"]
[Date "2006.01.11"]
[Round "-"]
[White "KaliYuga"]
[Black "Mekk"]
[Result "0-1"]
[WhiteCountry "IRL"]
[BlackCountry "POL"]
[WhiteElo "1924"]
[WhiteRD "64"]
[BlackElo "1766"]
[BlackRD "84"]
[GameID "35877"]

1. Nf3 d5 2. g3 Nc6 3. Bg2 e5 4. d3 Nf6 5. Bg5 Bc5 6. b3 h6 7. Bc1 Be6 8. Ba3 Qe7 9. Bxc5 Qxc5 10. O-O O-O
11. Nbd2 Qc3 12. e4 d4 13. Nc4 Bxc4 14. bxc4 Nd7 15. Nh4 Kh7 16. Qg4 Nf6 17. Qf5+ Kh8 18. Rfc1 a5 19. Nf3 Rfe8 20. g4 Re6
21. g5 g6 22. Qh3 Nh5 23. Qg4 hxg5 24. Nxg5 Rf6 25. Nxf7+ Rxf7 26. Qxg6 Rh7 27. Rab1 Rg8 28. Qf5 Qd2 29. Kh1 b6 30. Rg1 Qf4
31. Bh3 Qxf5 32. Bxf5 Rhg7 33. a3 Rxg1+ 34. Rxg1 Rxg1+ 35. Kxg1 Nf4 36. Bd7 Nd8 37. h4 Nde6 38. Kh2 Kg7 39. Kg3 Kf6 40. Bxe6 Nxe6
41. Kg4 a4 42. h5 c6 43. h6 Nf8 44. Kf3 Kg5 45. Ke2 Kxh6 46. Kd2 Kg5 47. c3 c5 48. cxd4 cxd4 49. Ke2 Kf4 50. Ke1 Kf3
51. Kf1 Ne6 52. Ke1 Nc5
0-1

[Event "Kings Indian Attack Thematic"]
[Site "SchemingMind.com"]
[Date "2006.01.11"]
[Round "-"]
[White "jlchaile"]
[Black "KaliYuga"]
[Result "0-1"]
[WhiteCountry "ARG"]
[BlackCountry "IRL"]
[WhiteElo "1423"]
[WhiteRD "80"]
[BlackElo "1899"]
[BlackRD "65"]
[GameID "35878"]

1. Nf3 d5 2. g3 c6 3. d4 Nf6 4. Bg2 Bg4 5. O-O e6 6. Bg5 Be7 7. a3 h6 8. Bxf6 Bxf6 9. c3 Nd7 10. Qd3 Bf5
11. Qd2 Bg5 12. Nxg5 hxg5
0-1

[Event "Kings Indian Attack Thematic"]
[Site "SchemingMind.com"]
[Date "2006.01.12"]
[Round "-"]
[White "Erhaem"]
[Black "KaliYuga"]
[Result "1-0"]
[WhiteCountry "NED"]
[BlackCountry "IRL"]
[WhiteElo "2013"]
[WhiteRD "61"]
[BlackElo "1860"]
[BlackRD "66"]
[GameID "35879"]

1. Nf3 d5 2. g3 g6 3. Bg2 Bg7 4. d4 Nf6 5. O-O O-O 6. c4 c6 7. cxd5 cxd5 8. Nc3 e6 9. Be3 Bd7 10. Qd2 Nc6
11. Rac1 b5 12. Qd3 Nb4 13. Qd2 a6 14. Bh6 Rc8 15. Bxg7 Kxg7 16. Ne5 Nc6 17. a3 Nxe5 18. dxe5 Ng4 19. e4 Nxe5 20. exd5 Nc4
21. Qe2 exd5 22. Nxd5 Be6 23. Rfd1 Re8 24. Qd3 f6 25. Qd4 Bxd5 26. Bxd5 Ne5 27. Qa7+ Kh8 28. Rb1 Qa5 29. Bb7 Rc2 30. Qxa6 Qxa6
31. Bxa6 Rb8 32. Rd5 b4 33. a4 b3 34. Bb5 Kg7 35. h3 Rcc8 36. f4 Nc4 37. Rd7+ Kh6 38. g4 Nb6 39. Rd6 Kg7 40. Rd3 Ra8
41. Ra1 Ra5 42. Rxb3 Nd5 43. Rf3 Ra7 44. Rd1 Rc5 45. Kf2 Re7 46. Kg3 Re4 47. Rxd5 Rxd5 48. Bc6 Rdd4 49. Bxe4 Rxe4 50. a5 Rb4
51. a6 Rxb2 52. Rd3 Ra2 53. Rd7+ Kh6 54. a7 Ra3+ 55. Kf2 g5 56. fxg5+ fxg5 57. Ke2 Kg6 58. Kd2 h6 59. Kc2 Kf6 60. Kb2 Ra5
61. Kc3 Ke6 62. Kb4 Ra1 63. Rh7 Ke5 64. Kb5 Kf4 65. Kb6 Rb1+ 66. Kc7 Ra1 67. Kb8
1-0

[Event "Kings Indian Attack Thematic"]
[Site "SchemingMind.com"]
[Date "2006.01.11"]
[Round "-"]
[White "sdshuey"]
[Black "KaliYuga"]
[Result "0-1"]
[WhiteCountry "USA"]
[BlackCountry "IRL"]
[WhiteElo "1436"]
[WhiteRD "76"]
[BlackElo "1935"]
[BlackRD "68"]
[GameID "35880"]

1. Nf3 d5 2. g3 g6 3. Bg2 Bg7 4. O-O Nf6 5. d4 O-O 6. Bg5 b6 7. Nc3 Bb7 8. h4 Ne4 9. Ne5 Nxc3 10. bxc3 f6
11. Bf4 fxe5 12. Bxe5 Bxe5 13. dxe5 e6 14. c4 c6 15. f4 Ba6 16. cxd5 cxd5 17. g4 Qxh4 18. Qe1 Qxg4 19. Qb4 Bxe2 20. Rfe1 Rxf4
21. Qd2 Bf3 22. Rf1 Nd7 23. Qf2 Be4 24. Rae1 Raf8 25. Qe2 Rxf1+ 26. Rxf1 Qxe2
0-1

[Event "Kings Indian Attack Thematic"]
[Site "SchemingMind.com"]
[Date "2006.01.11"]
[Round "-"]
[White "Julio Fuentes"]
[Black "KaliYuga"]
[Result "0-1"]
[WhiteCountry "CHI"]
[BlackCountry "IRL"]
[WhiteElo "1735"]
[WhiteRD "81"]
[BlackElo "1881"]
[BlackRD "64"]
[GameID "35882"]

1. Nf3 d5 2. g3 g6 3. d4 Bg7 4. Bg2 Nf6 5. O-O O-O 6. c4 c6 7. cxd5 cxd5 8. Ne5 Nc6 9. Nc3 Nxe5 10. dxe5 Ng4
11. Qxd5 e6 12. Qxd8 Rxd8 13. f4 Rb8 14. e4 b5 15. h3 b4 16. Ne2 Ba6 17. Bf3 Nh6 18. Be3 Rd3 19. Kf2 Rbd8 20. Rfc1 R3d7
21. a3 Rb7 22. g4 f6 23. Nd4 bxa3 24. Rxa3 Rxb2+ 25. Kg1 Rb6 26. Nc6 Rd3 27. Rxd3 Bxd3 28. exf6 Bxf6 29. Bxb6 axb6
0-1

[Event "Kings Indian Attack Thematic"]
[Site "SchemingMind.com"]
[Date "2006.01.11"]
[Round "-"]
[White "CHED"]
[Black "KaliYuga"]
[Result "0-1"]
[WhiteCountry "USA"]
[BlackCountry "IRL"]
[WhiteElo "1680"]
[WhiteRD "73"]
[BlackElo "1899"]
[BlackRD "65"]
[GameID "35883"]

1. Nf3 d5 2. g3 g6 3. Bg2 c6 4. c4 dxc4 5. Nc3 Bg7 6. O-O Nf6 7. Rb1 Bf5 8. Ra1 O-O 9. Nh4 Bg4 10. h3 Be6
11. Qc2 Qb6 12. Rb1 Rd8 13. Nd1 Nh5 14. Ne3 Na6 15. Nxc4 Bxc4 16. Qxc4 Nxg3 17. Re1 Rd4 18. Qc3 Nxe2+ 19. Rxe2 Rxh4 20. Qg3 Bf6
21. d3 Rd8 22. Bg5 Rh5 23. Bxf6 exf6 24. a3 Nc5 25. Rd1 Ne6 26. h4 Nd4 27. Re4 Qxb2 28. Qc7 Rf8 29. Rde1 Ne6 30. Qe7 Nc5
31. Rb4 Qd2 32. d4 Nd3
0-1

[Event "Kings Indian Attack Thematic"]
[Site "SchemingMind.com"]
[Date "2006.01.11"]
[Round "-"]
[White "Shaka"]
[Black "KaliYuga"]
[Result "1-0"]
[WhiteCountry "VEN"]
[BlackCountry "IRL"]
[WhiteElo "1908"]
[WhiteRD "74"]
[BlackElo "1881"]
[BlackRD "64"]
[GameID "35884"]

1. Nf3 d5 2. g3 Bg4 3. h3 Bxf3 4. exf3 e5 5. Bg2 Bc5 6. O-O Nc6 7. d3 Nge7 8. f4 f6 9. fxe5 Nxe5 10. d4 Bd6
11. dxe5 Bxe5 12. Nc3 Bxc3 13. bxc3 O-O 14. Ba3 c6 15. Rb1 Qc7 16. Re1 Rf7 17. Qe2 Rd8 18. Bxe7 Re8 19. Bd6 Rxe2 20. Bxc7 Rxe1+
21. Rxe1 Rxc7 22. a4 Kf7 23. f4 Re7 24. Rb1 Ke6 25. Kf2 Kd6 26. Bf1 a5 27. Bd3 g6 28. h4 f5 29. h5 Ke6 30. hxg6 hxg6
31. Re1+ Kf6 32. Rxe7 Kxe7 33. Kf3 c5 34. Bb5 Kf6 35. g4 Ke7 36. c4 d4 37. gxf5 gxf5 38. Kg3 Kf7 39. Kh4 Kg6 40. Be8+ Kh6
41. Bd7 Kg6 42. Kh3 Kf6 43. Kg3 Kg6 44. Kh4 Kf6 45. Kh5 b6 46. Kh6
1-0

[Event "Kings Indian Attack Thematic"]
[Site "SchemingMind.com"]
[Date "2006.01.11"]
[Round "-"]
[White "ilardi"]
[Black "KaliYuga"]
[Result "0-1"]
[WhiteCountry "USA"]
[BlackCountry "IRL"]
[WhiteElo "1280"]
[WhiteRD "149"]
[BlackElo "1904"]
[BlackRD "61"]
[GameID "35885"]

1. Nf3 d5 2. g3 g6 3. Bg2 Bg7 4. O-O Nf6 5. d3 O-O 6. c3 Nbd7 7. Nd4 e5 8. Nf3 c5 9. Qb3 b6 10. Bg5 Bb7
11. Nbd2 Rc8 12. Bh3 h6 13. Qa4 hxg5 14. Nxg5 Bc6 15. Qxa7 Ra8 16. Bxd7 Nxd7 17. Qxa8 Bxa8 18. f4 exf4 19. gxf4 Ne5 20. Ndf3 Nxf3+
21. Nxf3 d4 22. cxd4 Bxf3 23. Rxf3 Bxd4+ 24. e3 Bxe3+ 25. Rxe3 Qd4 26. Re1 Re8 27. Kf2 Qxf4+ 28. Kg2 Rxe3 29. Rf1 Re2+ 30. Kg1 Qxh2#
0-1

[Event "Kings Indian Attack Thematic"]
[Site "SchemingMind.com"]
[Date "2006.01.11"]
[Round "-"]
[White "Mekk"]
[Black "KaliYuga"]
[Result "1-0"]
[WhiteCountry "POL"]
[BlackCountry "IRL"]
[WhiteElo "1799"]
[WhiteRD "103"]
[BlackElo "1935"]
[BlackRD "68"]
[GameID "35886"]

1. Nf3 d5 2. g3 g6 3. d4 Bg7 4. Bg2 Bg4 5. Nbd2 Nf6 6. h3 Bf5 7. Nh4 Bd7 8. O-O O-O 9. e4 Bc6 10. e5 Ne4
11. Nxe4 dxe4 12. c4 f5 13. d5 Bd7 14. e6 Bc8 15. Qe2 c6 16. Rd1 Qc7 17. Bf4 Be5 18. Bh6 Rd8 19. Nxf5 gxf5 20. Qh5 cxd5
21. Qf7+ Kh8 22. cxd5 Rg8 23. Qxf5 Bxg3 24. Bxe4 Be5+ 25. Kh1 Rg6 26. Rg1 Bxe6 27. dxe6
1-0